| 000 | 00685 a2200289 4500 | ||
|---|---|---|---|
| 260 | _aParis | ||
| 630 | _a69 - Industrie de la construction. Materiaux de construction. Metaux et procedes de construction | ||
| 037 | _b3, Achat | ||
| 650 | _a6 - SCIENCES APPLIQUEES | ||
| 100 | _aKrist, Th. | ||
| 260 | _bMcGraw-Hill | ||
| 245 | _aMétallurgie | ||
| 300 | _a229 p. | ||
| 650 | _aMétallurgie | ||
| 650 | _aMétal | ||
| 260 | _c1982 | ||
| 300 | _b15cm | ||
| 100 | _lFr | ||
| 037 | _aS 3434 | ||
| 037 | _aS 3516 | ||
| 037 | _aS 3433 | ||
| 440 | _aFormulaire de Poche | ||
| 700 | _atrad., Pichon, Francis | ||
| 020 | _a2-7042-1045-4 | ||
| 999 |
_c41933 _d41933 |
||